|
|
|
|
| LEADER |
01083nam a2200277 a 4500 |
| 001 |
15606352 |
| 008 |
091229s1999 enka b 001 0 eng d |
| 010 |
|
|
|a \\2009340520
|
| 020 |
|
|
|a 9788187374602
|
| 020 |
|
|
|a 085598418x
|
| 020 |
|
|
|a 0855984244
|
| 020 |
|
|
|a 8187374602
|
| 040 |
|
|
|a DLC
|c DLC
|d BD-DhAAL
|
| 082 |
0 |
0 |
|a 338.9/0068/4
|2 21
|
| 100 |
1 |
|
|a Roche, Chris
|q (Chris J. R.)
|
| 245 |
1 |
0 |
|a Impact assessment for development agencies :
|b learning to value change /
|c Chris Roche.
|
| 260 |
|
|
|a Oxford :
|b Oxfam,
|c 1999.
|
| 300 |
|
|
|a viii, 308 p. :
|b ill. ;
|c 22 cm.
|
| 500 |
|
|
|a Originally published: Oxfam GB with Novib, 1999.
|
| 504 |
|
|
|a Includes bibliographical references (p. 285-292) and index.
|
| 541 |
1 |
|
|e 00007560
|
| 650 |
|
0 |
|a Economic development projects
|x Evaluation.
|
| 710 |
2 |
|
|a Oxfam GB.
|
| 852 |
4 |
|
|a Ayesha Abed Library
|j General shelf
|
| 999 |
|
|
|c 6485
|d 6485
|
| 952 |
|
|
|0 0
|1 0
|2 ddc
|4 0
|6 338_900684000000000_ROC_1999
|7 0
|9 6582
|a BRACUL
|b BRACUL
|c GEN
|d 2009-12-29
|g 0.00
|l 0
|o 338.900684 ROC
|p 3010007560
|r 2009-12-29
|t 1
|w 2009-12-29
|y BK
|x No price found in the accession register.
|